A bibliography of electricy and magnetism, 1860 to 1883 (Record no. 159219)
[ view plain ]
| 000 -LEADER | |
|---|---|
| campo de control de longitud fija | 00746nam a2200181 i 4500 |
| 001 - NÚMERO DE CONTROL | |
| campo de control | 159219 |
| 003 - IDENTIFICADOR DE NÚMERO DE CONTROL | |
| campo de control | ES-MaACL |
| 005 - FECHA Y HORA DE LA ÚLTIMA TRANSACCIÓN | |
| campo de control | 20230906211510.0 |
| 008 - DATOS DE LONGITUD FIJA--INFORMACIÓN GENERAL | |
| campo de control de longitud fija | 040908s1884 xxk |||| | eng d |
| 040 ## - FUENTE DE CATALOGACIÓN | |
| Centro catalogador/agencia de origen | CAM |
| Lengua de catalogación | spa |
| Centro/agencia transcriptor | CAM |
| 100 1# - ENTRADA PRINCIPAL--NOMBRE DE PERSONA | |
| Nombre de persona | May, G. |
| 9 (RLIN) | 129752 |
| 245 12 - MENCIÓN DEL TÍTULO | |
| Título | A bibliography of electricy and magnetism, 1860 to 1883 |
| Resto del título | : with special reference to electro-technics / |
| Mención de responsabilidad, etc. | compiled by G. May; with a indez by O. Salle. |
| 260 ## - PUBLICACIÓN, DISTRIBUCIÓN, ETC. | |
| Lugar de publicación, distribución, etc. | London : |
| Nombre del editor, distribuidor, etc. | Trübner & Co. ; |
| Lugar de publicación, distribución, etc. | Leipzic [sic], Viena and Pesth : |
| Nombre del editor, distribuidor, etc. | A. Hartleben, |
| Fecha de publicación, distribución, etc. | 1884 ( |
| Lugar de fabricación/manufactura | Hertford : |
| Fabricante | Stephen Austin and Sons) |
| 300 ## - DESCRIPCIÓN FÍSICA | |
| Extensión | 203 p. ; |
| Dimensiones | 19 cm. |
| 650 #4 - PUNTO DE ACCESO ADICIONAL DE MATERIA--TÉRMINO DE MATERIA | |
| Término de materia o nombre geográfico como elemento de entrada | Electricidad- |
| Subdivisión de forma | Bibliografías. |
| 9 (RLIN) | 160610 |
| 650 #4 - PUNTO DE ACCESO ADICIONAL DE MATERIA--TÉRMINO DE MATERIA | |
| Término de materia o nombre geográfico como elemento de entrada | Magnetismo- |
| Subdivisión de forma | Bibliografías. |
| 9 (RLIN) | 160611 |
| 852 ## - LOCALIZACIÓN | |
| Ubicación | ES-MaACL |
| Número de control de estantería | F-12611 |
| Nota libre | -- Enc. tela |
| Estatus retirado | Estado de pérdida | Estado de daño | No para préstamo | Colección | Biblioteca de origen | Biblioteca actual | Ubicación en estantería | Fecha de adquisición | Fuente de adquisición | Total de préstamos | Signatura topográfica completa | Código de barras | Visto por última vez | Precio de reemplazo | Tipo de ítem Koha |
|---|---|---|---|---|---|---|---|---|---|---|---|---|---|---|---|
| Libros del s. XIX | Biblioteca del Ateneo de Madrid | Biblioteca del Ateneo de Madrid | Sala Pecera Planta 2 | 17/01/2008 | F-12611 | 1166677 | 23/02/2023 | 23/02/2023 | Libro impreso antiguo |
